Entraîneurs vainqueurs de la Ligue des Champions - Statistiques

Statistiques générales
  • Ce quiz a été pris 159 fois
  • Le résultat moyen est 23 sur 33
Statistiques - réponses
Année Club Entraîneur Nationalité % Correct
2003 AC Milan Carlo Ancelotti Italie
98%
2007 AC Milan Carlo Ancelotti (2) Italie
98%
2014 Real Madrid Carlo Ancelotti (3) Italie
98%
2022 Real Madrid Carlo Ancelotti (4) Italie
98%
2024 Real Madrid Carlo Ancelotti (5) Italie
98%
2009 FC Barcelone Josep Guardiola Espagne
98%
2011 FC Barcelone Josep Guardiola (2) Espagne
98%
2023 Manchester City Josep Guardiola (3) Espagne
98%
2015 FC Barcelone Luis Enrique Espagne
98%
2025 Paris Saint-Germain Luis Enrique (2) Espagne
98%
2016 Real Madrid Zinédine Zidane France
98%
2017 Real Madrid Zinédine Zidane (2) France
98%
2018 Real Madrid Zinédine Zidane (3) France
98%
2004 FC Porto José Mourinho Portugal
95%
2010 Inter Milan José Mourinho (2) Portugal
95%
2019 Liverpool Jürgen Klopp Allemagne
95%
2021 Chelsea Thomas Tuchel Allemagne
90%
1999 Manchester United Alex Ferguson Écosse
88%
2008 Manchester United Alex Ferguson (2) Écosse
88%
2020 Bayern Munich Hansi Flick Allemagne
85%
2005 Liverpool Rafael Benítez Espagne
59%
2006 FC Barcelone Frank Rijkaard Pays-Bas
57%
2012 Chelsea Roberto Di Matteo Italie
44%
2000 Real Madrid Vicente del Bosque Espagne
42%
2002 Real Madrid Vicente del Bosque (2) Espagne
42%
1998 Real Madrid Jupp Heynckes Allemagne
38%
2013 Bayern Munich Jupp Heynckes (2) Allemagne
38%
1993 Olympique de Marseille Raymond Goethals Belgique
36%
1996 Juventus Turin Marcello Lippi Italie
24%
1995 Ajax Amsterdam Louis van Gaal Pays-Bas
23%
1994 AC Milan Fabio Capello Italie
20%
1997 Borussia Dortmund Ottmar Hitzfeld Allemagne
9%
2001 Bayern Munich Ottmar Hitzfeld (2) Allemagne
9%
Aucun quiz correspondant
Distribution des résultats
% des personnes avec chaque résultat
Percentile par nombre de réponses
Votre historique - résultats
Vous n’avez pas pris ce quiz